000 00754nam a2200217 i 4500
001 188005
003 ES-MaACL
005 20230906223059.0
007 t|
008 180409s1932 xxk ||||1| eng d
100 0 _aVeblen, Oswald.
_9113506
245 1 4 _aThe foundations of differential geometry / by Oswald Veblen and J. H. C. Whitehead.
260 _aCambridge :
_bCambridge University Press, 1932.
300 _aIX, 96 p. ;
_c22 cm.
490 1 _aCambridge tracts in mathematics and mathematical physics ;
_v29
650 4 _aGeometrĂ­a diferencial.
_9143430
700 0 _aWithehead, J. H. C.
_9117161
830 0 _aCambridge tracts in mathematics and mathematical physics ;
_v29
_9192958
852 _aES-MaACL
_jC-8167
999 _c188005
_d188005